Insectos, ácaros y enfermedades asociadas al tomate en Chile
Uloženo v:
| Hlavní autoři: | , |
|---|---|
| Médium: | Kniha |
| Jazyk: | španělština |
| Vydáno: |
Santiago
INIA
2002
|
| Edice: | Colección Libros INIA, 7
|
| Témata: | |
| Tagy: |
Přidat tag
Žádné tagy, Buďte první, kdo vytvoří štítek k tomuto záznamu!
|
MARC
| LEADER | 00000nam a2200000 a 4500 | ||
|---|---|---|---|
| 001 | UCL6837 | ||
| 003 | CL-VaPUC | ||
| 008 | 040423e20020000CL |||||||||||||||||spa|d | ||
| 020 | |a 9567016135 | ||
| 082 | 0 | 4 | |a 635.6429 |b EST |2 21 |
| 100 | |a Estay Palma, Patricia |e autora |9 484462 | ||
| 700 | 0 | |a Bruna V., Alicia |e author |9 484463 | |
| 245 | 1 | 0 | |a Insectos, ácaros y enfermedades asociadas al tomate en Chile |
| 300 | |a 111 p | ||
| 942 | |c BK | ||
| 945 | |d 20040423 00:00:00 |a cmena | ||
| 260 | |a Santiago |b INIA |c 2002 | ||
| 500 | |a Incluye: Guía de campo | ||
| 650 | 7 | |a TOMATE |2 CL-VaPUC |9 264158 | |
| 650 | 0 | |a Enfermedades de las plantas |9 259687 | |
| 650 | 7 | |a INSECTOS PLAGA |2 CL-VaPUC |9 484464 | |
| 650 | 7 | |a ENFERMEDADES FUNGOSAS |2 CL-VaPUC |9 340452 | |
| 650 | 0 | |a Virus |9 316452 | |
| 650 | 0 | |a Bacteriología |9 259330 | |
| 650 | 0 | |a Control de plagas |9 327373 | |
| 583 | |a last modification |c 20040423 00:00:00 |k Rodrigo Vera | ||
| 490 | 0 | |a Colección Libros INIA, 7 | |
| 999 | |c 308723 |d 308721 | ||
| 952 | |0 0 |1 0 |4 0 |6 635_642900000000000_EST_2002 |7 0 |8 A |9 375500 |a BIBAGR |b BIBAGR |d 2019-11-21 |i 4000439 |l 1 |o 635.6429 EST 2002 |p 4000439 |r 2025-01-20 |s 2022-05-17 |w 2019-11-21 |y BK |k AGR | ||
| 952 | |0 0 |1 0 |4 0 |6 635_642900000000000_EST_2002 |7 0 |8 A |9 375501 |a BIBAGR |b BIBAGR |d 2019-11-21 |i 4000447 |o 635.6429 EST 2002 |p 4000447 |r 2025-01-20 |w 2019-11-21 |y BK |k AGR | ||
| 952 | |0 0 |1 0 |4 0 |6 635_642900000000000_EST_2002 |7 0 |8 A |9 375502 |a BIBAGR |b BIBAGR |d 2019-11-21 |i 4241169 |o 635.6429 EST 2002 |p 4241169 |r 2025-01-20 |w 2019-11-21 |y BK |k AGR | ||